000 00570nam a2200229Ia 4500
003 OSt
005 20220924140648.0
006 a|||||r|||| 00| 0
007 ta
008 220923b |||||||| |||| 00| 0 ben d
024 _a295869
037 _cTextual
040 _aARTS
_cARTS
_bben
041 _2ben
_aben
082 _aO157,3N094,26, M6
100 _aDevi Ashapurna
245 0 _aNijaswa namani
260 _c1986
650 _aBENGALI LITERATURE
942 _hO157,3N094,26, M6
_cTEXL
_2CC
999 _c445011
_d445011